Most Guessed Countries on the 15 Second Sprint - Statistics

General Stats
  • This quiz has been taken 30 times
  • The average score is 16 of 20
Answer Stats
% country % Correct
50 Canada
100%
23 France
100%
20 Japan
100%
59 Russia
100%
86 United States
100%
18 Australia
96%
42 China
96%
65 United Kingdom
96%
21 Brazil
93%
19 India
93%
16 Spain
93%
15 Germany
89%
36 Mexico
89%
19 Ireland
68%
15 Congo
46%
19 Dem Rep of the Congo
46%
14 Denmark
46%
14 Iceland
43%
33 United Arab Emirates
39%
20 Central African Republic
21%
No matching quizzes found
Score Distribution
Percent of People with Each Score
Percentile by Number Answered
Your Score History
You have not taken this quiz